000 01036nam a2200241 i 4500
001 bg
100 1 _aHULICKI, Zbigniew
_d(1953- )
245 1 0 _aJakość obsługi ruchu w cyfrowych strukturach komutacyjnych /
_cZbigniew Hulicki.
246 1 1 _aTraffic performance aspects of multistage interconnection networks
260 _aKraków :
_bAGH. Uczelniane Wydawnictwa Naukowo-Dydaktyczne,
_c2001.
300 _a98, [1] s. :
_bil. ;
_c24 cm.
490 1 _aRozprawy, Monografie / [Akademia Górniczo-Hutnicza im. S. Staszica] =
_aDissertations, Monographies,
_x0867-6631 ;
_v101
500 _aTyt. równol.: Traffic performance aspects of multistage interconnection networks. - Streszcz. ang.
504 _aBibliogr.
650 9 _aTelekomutacja
_xurządzenia
_xbadanie
650 9 _aTransmisja danych
_xbadanie
830 0 _aRozprawy, Monografie ([Akademia Górniczo-Hutnicza im. S. Staszica]) ;
_v101
040 _cBPK
041 0 _apol
_beng
080 _a004.772:621.391
942 _cKS
008 s pl f |000 0 pol
999 _c42841
_d42841
856 _uhttp://koha.tu.koszalin.pl/cgi-bin/koha/opac-detail.pl?biblionumber=42841
_yKatalog online BPK